00442 2200181 4500001002100000005001500021008004100036020002200077035001900099041000700118082000800125090001400133100001800147245002500165260003600190300002300226650001100249INLIS00000000000269520241224112603241224||||||||| | ||| |||| || |  a978-979-22-9778-2 0010-1224002695 aid0 a828 a828 MES i0 aJ D Messinger00a11 Hari di Bulan Mei aJakartabGramedia Pustaka Utama a210 hlm;15 x 23 cm 0aSastra